000 00661nam a2200253Ia 4500
005 20250425161940.0
008 250425s9999 xx 000 0 und d
020 _a8420006173
041 _aspa
082 _a664.06
100 _aMULTON, JEAN-LOUIS
245 0 _aADITIVOS Y AUXILIARES DE FABRICACION EN LAS INDUSTRIAS AGROALIMENTARIAS
250 _a1A ED.
260 _aEspaƱa
_bACRIBIA
_c1987
260 _aZARAGOZA
300 _a680
500 _aConsultar 27832, 28254, 39235 en BIBTEC
650 _aADITIVOS PARA ALIMENTOS
650 _aANTIOXIDANTES
650 _aAROMATIZANTES
650 _aENZIMAS
942 _c01
010 _a36376
999 _c219441
_d219441